000
00281nam a2200121Ia 4500
008
191201s2012 xx 000 0 und d
100
_a
GILL,P S
245
0
_a
Engineering Drawing
250
_a
11th
260
_c
2012
_b
S.K.Kataria
_a
NEW DELHI
300
_a
678
942
_2
ddc
_c
BK
_0
11
999
_c
8080
_d
8080